| 000 | 01011nam a2200229Ia 4500 | ||
|---|---|---|---|
| 003 | OSt | ||
| 005 | 20200707145641.0 | ||
| 008 | 191128s2016 cl ad fr 000 0 spa d | ||
| 020 | _a9789211219227 | ||
| 040 |
_aCO-JMCR _cCO-JMCR |
||
| 041 | 0 | _aspa | |
| 082 | 0 | 4 |
_a336.38 / _bA681s _223 |
| 100 | 1 |
_aArenas de Mesa, Alberto, _eautor _96790 |
|
| 245 | 1 | 0 |
_aSostenibilidad fiscal y reformas tributarias en América Latina / _cAlberto Arenas de Mesa |
| 260 |
_aSantiago de Chile : _bCepal, _c2016 |
||
| 300 |
_a260 páginas : _bgráficos a color ; _c22 cm. |
||
| 504 | _aBibliografía: páginas 251-260 | ||
| 505 | 0 | _aEl desafío de la sostenibilidad fiscal en América Latina -- Reformas tributarias en América Latina: el foco en la equidad tributaria -- La reforma tributaria de Chile en 2014: un pacto fiscal para enfrentar la desigualdad -- Desafíos de la política fiscal | |
| 650 | 1 | 4 |
_aPolítica fiscal _zAmérica Latina _96791 |
| 650 | 1 | 4 |
_aReforma tributaria _zAmérica Latina _96792 |
| 942 |
_2ddc _cBK |
||
| 999 |
_c3901 _d3901 |
||